| 000 | 01916nam a2200481Ii 4500 | ||
|---|---|---|---|
| 001 | DIGVEDIV0008 | ||
| 003 | NyNyDIG | ||
| 008 | 140417t20122012sp ob 000 0 spa d | ||
| 006 | m o d | ||
| 007 | cr ||||||||||| | ||
| 035 | _a(OCoLC)854567765 | ||
| 040 |
_aDGITA _beng _erda _epn _cDGITA |
||
| 020 |
_a9788499455853 _q(eBook ; _qpdf) |
||
| 020 |
_a8499455859 _q(eBook ; _qpdf) |
||
| 020 |
_a9788499455860 _q(eBook ; _qePub) |
||
| 020 |
_a8499455867 _q(eBook ; _qePub) |
||
| 020 | _z9788481695762 | ||
| 020 | _z8481695769 | ||
| 050 | 1 | 4 | _aBV248 eBook |
| 100 | 1 |
_aUlibarri, Florentino, _eauthor. |
|
| 245 | 1 | 0 |
_aConocer, gustar y vivir la palabra : _bsugerencias para orar con el Evangelio. _pCiclo B / _cFlorentino Ulibarri. |
| 250 | _aTercera edición. | ||
| 264 | 1 |
_aEstella (Navarra), España : _bEditorial Verbo Divino, _c[2012] |
|
| 264 | 4 | _c©2012 | |
| 300 | _a1 online resource (446 pages) | ||
| 336 |
_atext _btxt _2rdacontent |
||
| 337 |
_acomputer _bc _2rdamedia |
||
| 338 |
_aonline resource _bcr _2rdacarrier |
||
| 500 | _aAsociación "Comunidades Cristianas Fe y Justicia."--Title page. | ||
| 504 | _aIncludes bibliographical references (pages 435-437). | ||
| 588 | 0 | _aOnline resource; title from ePub and PDF title page (Digitalia, viewed April 18, 2014) | |
| 630 | 0 | 0 |
_aBible _vPrayers. |
| 650 | 0 | _aPrayers. | |
| 610 | 2 | 0 |
_aCatholic Church _vPrayers and devotions. |
| 655 | 0 | _aElectronic books. | |
| 710 | 2 | _aAsociación "Comunidades Cristianas Fe y Justicia." | |
| 776 | 0 | 8 |
_iPrint version: _aUlibarri, Florentino. _tConocer, gustar y vivir la palabra. _dEstella (Navarra) : Editorial Verbo Divino, 2006 _z9788481695762 |
| 791 |
_aDigitalia (Firm) _edistributor. |
||
| 793 | 0 |
_gDigitalia eBook Collection: _aEditorial Verbo Divino |
|
| 856 | 4 | 0 |
_3Digitalia Hispánica _uhttps://www.digitaliapublishing.com/a/20687/ |
| 910 | _aPremium Collection: 2013 | ||
| 942 | _cRAA | ||
| 999 |
_c237059 _d237059 |
||